[Event "Titled Tuesday intern op 28th Dec"]
[Site "Chess.com INT"]
[Date "2021.12.28"]
[Round "4"]
[White "Lossi C, Cyrano Jose"]
[Black "Ramirez, Vido Robert"]
[Result "1-0"]
[WhiteElo "2042"]
[BlackElo "2104"]
[PlyCount "85"]
[EventDate "2021.12.28"]
[EventType "swiss (blitz)"]
[EventRounds "11"]
[EventCountry "USA"]
[SourceTitle "CBM 206 Extra"]
[Source "ChessBase"]
[SourceDate "2022.03.31"]
[SourceVersion "1"]
[SourceVersionDate "2022.03.31"]
[SourceQuality "1"]

1. d4 g6 2. c4 Nf6 3. Nc3 Bg7 4. e4 d6 5. h3 0-0 6. Be3 Na6 7. g4 e5 8. d5 Nc5 9. f3 c6 10. Nge2 a5 11. Ng3 a4 12. h4 Qa5 13. Qd2 Bd7 14. h5 cxd5 15. cxd5 b5 16. hxg6 fxg6 17. Bh6 b4 18. Nd1 Rf7 19. Bxg7 Rxg7 20. Ne3 b3 21. Qxa5 Rxa5 22. Nc4 a3 23. bxa3 b2 24. Rb1 Ra6 25. Rxb2 Re7 26. g5 Ne8 27. Rb8 Kg7 28. Be2 Ra4 29. Kf2 Rf7 30. Nb6 Rxa3 31. Nxd7 Nxd7 32. Rxe8 Rxa2 33. Rb1 Nc5 34. Rbb8 Rb7 35. Rg8+ Kf7 36. Rbf8+ Ke7 37. Rc8 Kf7 38. Rcf8+ Ke7 39. Nf5+ gxf5 40. exf5 Nd3+ 41. Kg3 Nf4 42. f6+ Kd7 43. Rf7# 1-0

[Event "Titled Tuesday intern op 28th Dec"]
[Site "Chess.com INT"]
[Date "2021.12.28"]
[Round "3"]
[White "Necula, Iulian"]
[Black "Lossi C, Cyrano Jose"]
[Result "1/2-1/2"]
[WhiteElo "1890"]
[BlackElo "2042"]
[PlyCount "56"]
[EventDate "2021.12.28"]
[EventType "swiss (blitz)"]
[EventRounds "11"]
[EventCountry "USA"]
[SourceTitle "CBM 206 Extra"]
[Source "ChessBase"]
[SourceDate "2022.03.31"]
[SourceVersion "1"]
[SourceVersionDate "2022.03.31"]
[SourceQuality "1"]

1. Nf3 d5 2. g3 Nf6 3. Bg2 c6 4. 0-0 e6 5. d3 Be7 6. c4 0-0 7. b3 Nbd7 8. Bb2 Re8 9. Nbd2 Bd6 10. d4 b6 11. Qc2 Bb7 12. Rfe1 e5 13. dxe5 Nxe5 14. Nxe5 Bxe5 15. Bxe5 Rxe5 16. cxd5 cxd5 17. Nf3 Rc8 18. Qd2 Re7 19. Nd4 Ne4 20. Qb2 Rec7 21. Rac1 Qf6 22. Rxc7 Rxc7 23. Bxe4 dxe4 24. e3 Qd8 25. Rc1 Qc8 26. Rxc7 Qxc7 27. Nf5 f6 28. Qd2 g6 1/2-1/2

[Event "Titled Tuesday intern op 28th Dec"]
[Site "Chess.com INT"]
[Date "2021.12.28"]
[Round "5"]
[White "Renjith, Sravan"]
[Black "Lossi C, Cyrano Jose"]
[Result "1-0"]
[WhiteElo "2121"]
[BlackElo "2042"]
[PlyCount "52"]
[EventDate "2021.12.28"]
[EventType "swiss (blitz)"]
[EventRounds "11"]
[EventCountry "USA"]
[SourceTitle "CBM 206 Extra"]
[Source "ChessBase"]
[SourceDate "2022.03.31"]
[SourceVersion "1"]
[SourceVersionDate "2022.03.31"]
[SourceQuality "1"]

1. e4 c6 2. d4 d5 3. e5 Bf5 4. Nd2 e6 5. g4 Bg6 6. Ne2 h6 7. Nf4 Bh7 8. h4 Ne7 9. c3 Nd7 10. Qf3 c5 11. Bd3 Nc6 12. Bxh7 Rxh7 13. Qd3 Rh8 14. Nf3 cxd4 15. cxd4 Bb4+ 16. Kf1 Qe7 17. Kg2 Nb6 18. a3 Ba5 19. b4 Nc4 20. bxa5 N6xa5 21. Bd2 Nc6 22. g5 h5 23. g6 f6 24. exf6 gxf6 25. Rae1 Nd8 26. Nxd5 Nxd2 1-0

[Event "Titled Tuesday intern op 28th Sept"]
[Site "Chess.com INT"]
[Date "2021.09.28"]
[Round "2"]
[White "Lossi C, Cyrano Jose"]
[Black "Coelho, Ramyres Santana"]
[Result "1-0"]
[WhiteElo "2042"]
[BlackElo "1981"]
[PlyCount "45"]
[EventDate "2021.09.28"]
[EventType "swiss (blitz)"]
[EventRounds "11"]
[EventCountry "USA"]
[SourceTitle "CBM 204 Extra"]
[Source "ChessBase"]
[SourceDate "2021.11.30"]
[SourceVersion "1"]
[SourceVersionDate "2021.11.30"]
[SourceQuality "1"]

1. e4 c5 2. c3 d5 3. exd5 Qxd5 4. d4 e5 5. Nf3 e4 6. Ne5 cxd4 7. cxd4 Be6 8. Bc4 Qa5+ 9. Bd2 Qb6 10. d5 Bd7 11. d6 Bxd6 12. Nxf7 Bc5 13. 0-0 Nc6 14. Nc3 Nd4 15. Nxe4 Nf6 16. Nxc5 Qxc5 17. Re1+ Kf8 18. Rc1 Ng4 19. Nxh8 Bc6 20. Qxg4 Rd8 21. Qf4+ Nf5 22. Bb4 Qxb4 23. Qxf5# 1-0

[Event "Titled Tuesday intern op 21st Sept"]
[Site "Chess.com INT"]
[Date "2021.09.21"]
[Round "4"]
[White "Lossi C, Cyrano Jose"]
[Black "Garrido Outon, Alex"]
[Result "0-1"]
[WhiteElo "2042"]
[BlackElo "2433"]
[PlyCount "82"]
[EventDate "2021.09.21"]
[EventType "swiss (blitz)"]
[EventRounds "9"]
[EventCountry "USA"]
[SourceTitle "EXT 2022"]
[Source "ChessBase"]
[SourceDate "2021.10.06"]
[SourceVersion "1"]
[SourceVersionDate "2021.10.06"]
[SourceQuality "1"]

1. e4 c6 2. Nc3 g6 3. d4 d5 4. e5 Bg7 5. Be2 f6 6. f4 Nh6 7. Be3 Nd7 8. Nf3 Nb6 9. h3 0-0 10. g4 fxe5 11. dxe5 Nf7 12. Qd2 Qc7 13. Bc5 Nd8 14. 0-0-0 Ne6 15. Be3 Nd7 16. Kb1 b5 17. h4 b4 18. Na4 Qa5 19. b3 Ndc5 20. Bxc5 Nxc5 21. Nxc5 Qxc5 22. Nd4 a5 23. h5 g5 24. h6 Bh8 25. Rh5 gxf4 26. Rg5+ Kf7 27. Qd3 Ke8 28. Qxh7 a4 29. Rg8 Bxe5 30. Qg6+ Kd7 31. Rxf8 Bxd4 32. Qe8+ Kc7 33. Qd8+ Kb7 34. bxa4 Qc3 35. Rxd4 Qxd4 36. Qxe7+ Kb6 37. a5+ Kxa5 38. Qc7+ Ka4 39. Qb7 Bxb7 40. Rxa8+ Bxa8 41. h7 Qh8 0-1

[Event "Titled Tuesday intern op 21st Sept"]
[Site "Chess.com INT"]
[Date "2021.09.21"]
[Round "8"]
[White "Lossi C, Cyrano Jose"]
[Black "Leitao, Rafael Duailibe"]
[Result "0-1"]
[WhiteElo "2042"]
[BlackElo "2592"]
[PlyCount "34"]
[EventDate "2021.09.21"]
[EventType "swiss (blitz)"]
[EventRounds "9"]
[EventCountry "USA"]
[SourceTitle "EXT 2022"]
[Source "ChessBase"]
[SourceDate "2021.10.06"]
[SourceVersion "1"]
[SourceVersionDate "2021.10.06"]
[SourceQuality "1"]

1. e4 e5 2. Nf3 Nc6 3. Bc4 Nf6 4. 0-0 Nxe4 5. Re1 d5 6. Bb3 Bc5 7. d4 Nxd4 8. Nxd4 Bxd4 9. Be3 Bxe3 10. Rxe3 0-0 11. Qh5 Nf6 12. Qxe5 Re8 13. Qd4 Rxe3 14. Qxe3 Bf5 15. Nd2 Qd7 16. Re1 Re8 17. Ba4 Rxe3 0-1

[Event "Titled Tuesday intern op 21st Sept"]
[Site "Chess.com INT"]
[Date "2021.09.21"]
[Round "5"]
[White "Real de Azua, Ernesto"]
[Black "Lossi C, Cyrano Jose"]
[Result "0-1"]
[WhiteElo "2440"]
[BlackElo "2042"]
[PlyCount "80"]
[EventDate "2021.09.21"]
[EventType "swiss (blitz)"]
[EventRounds "9"]
[EventCountry "USA"]
[SourceTitle "EXT 2022"]
[Source "ChessBase"]
[SourceDate "2021.10.06"]
[SourceVersion "1"]
[SourceVersionDate "2021.10.06"]
[SourceQuality "1"]

1. e4 c6 2. Nf3 d5 3. d3 e6 4. Nbd2 Nf6 5. g3 g6 6. Bg2 Bg7 7. 0-0 0-0 8. Re1 b6 9. c3 Bb7 10. e5 Nfd7 11. d4 c5 12. Nf1 Nc6 13. Bf4 Rc8 14. a3 cxd4 15. cxd4 Na5 16. h4 b5 17. N1h2 Qb6 18. b3 Rc3 19. Bd2 Rd3 20. Re3 Rxe3 21. Bxe3 Rc8 22. Rb1 b4 23. a4 Ba6 24. Ng4 Rc3 25. Bh6 Rd3 26. Qc1 Nxb3 27. Rxb3 Rxb3 28. Bxg7 Qd8 29. Qh6 Rxf3 30. Bxf3 b3 31. Nf6+ Nxf6 32. Bxf6 Qf8 33. Qc1 Qb4 34. Qb2 Qxa4 35. Bg5 Qa2 36. Bc1 Bc4 37. Kg2 a5 38. Qc3 h6 39. Bxh6 b2 40. Qe3 b1Q 0-1

[Event "Titled Tuesday intern op 30th June"]
[Site "Chess.com INT"]
[Date "2020.06.30"]
[Round "1"]
[White "Lossi C, Cyrano Jose"]
[Black "Valdes Romero, Leonardo"]
[Result "1-0"]
[WhiteElo "2042"]
[BlackElo "2402"]
[PlyCount "145"]
[EventDate "2020.06.30"]
[EventType "swiss (blitz)"]
[EventRounds "10"]
[EventCountry "USA"]
[SourceTitle "CBM 197 Extra"]
[Source "ChessBase"]
[SourceDate "2020.09.30"]
[SourceVersion "1"]
[SourceVersionDate "2020.09.30"]
[SourceQuality "1"]

1. e4 c5 2. d4 cxd4 3. c3 Nf6 4. e5 Nd5 5. Nf3 Nc6 6. cxd4 g6 7. Bc4 Nb6 8. Bb3 Bg7 9. Bf4 0-0 10. d5 Na5 11. 0-0 d6 12. exd6 exd6 13. Nc3 Nbc4 14. Bxc4 Nxc4 15. Qb3 Na5 16. Qb4 Bg4 17. Bxd6 Bxf3 18. gxf3 Re8 19. Rad1 Rc8 20. Rfe1 Qg5+ 21. Bg3 b6 22. Rxe8+ Rxe8 23. d6 Rd8 24. Kh1 Qf5 25. Qe4 Qxe4 26. fxe4 Bxc3 27. bxc3 f6 28. d7 Nc6 29. Bc7 Rf8 30. d8Q Nxd8 31. Rxd8 Rxd8 32. Bxd8 Kf7 33. Bc7 b5 34. Kg2 a6 35. f4 Ke6 36. Kf3 Kd7 37. Ba5 Ke6 38. Ke3 f5 39. Bb6 h6 40. Kd4 Kd6 41. e5+ Ke6 42. h4 Ke7 43. Bc5+ Ke6 44. Bb6 h5 45. Bd8 Kd7 46. Bf6 Kc6 47. e6 Kd6 48. e7 Kd7 49. Kd5 a5 50. Kc5 b4 51. cxb4 axb4 52. Kxb4 Ke8 53. Kb5 Kd7 54. a4 g5 55. a5 gxf4 56. a6 f3 57. Bd4 Kxe7 58. a7 Ke6 59. a8Q f4 60. Qxf3 Kf5 61. Be3 Ke5 62. Qxf4+ Kd5 63. Qd4+ Ke6 64. Kc5 Kf5 65. Qf4+ Ke6 66. Qe4+ Kf6 67. Bg5+ Kf7 68. Qf5+ Kg7 69. Bc1 Kg8 70. Kd6 Kg7 71. Ke7 Kg8 72. Qg6+ Kh8 73. Bb2# 1-0

[Event "San Jose subzonal 2.3c"]
[Site "San Jose"]
[Date "2018.03.25"]
[Round "2"]
[White "Guzman Hidalgo, Nicolas"]
[Black "Lossi C, Cyrano Jose"]
[Result "0-1"]
[WhiteElo "1512"]
[BlackElo "1825"]
[PlyCount "60"]
[EventDate "2018.03.25"]
[EventType "swiss"]
[EventRounds "9"]
[EventCountry "CRI"]
[SourceTitle "EXT 2019"]
[Source "ChessBase"]
[SourceDate "2018.10.10"]
[SourceVersion "1"]
[SourceVersionDate "2018.10.10"]
[SourceQuality "1"]

1. e4 g6 2. d4 Bg7 3. Nf3 c5 4. c3 cxd4 5. cxd4 d5 6. e5 Nh6 7. Nc3 0-0 8. Bg5 b6 9. Qd2 Nf5 10. g4 f6 11. exf6 exf6 12. Bf4 Re8+ 13. Kd1 Nd6 14. h3 Bb7 15. Rc1 Ne4 16. Qc2 Nc6 17. Bb5 Rc8 18. a3 Bf8 19. Rf1 Kh8 20. g5 Bd6 21. Bxd6 Qxd6 22. Re1 Qf4 23. Re3 Nxd4 24. Nxd4 Nxf2+ 25. Ke1 Rxe3+ 26. Nde2 d4 27. gxf6 dxc3 28. Qb3 Rxe2+ 29. Kxe2 Qf3+ 30. Ke1 Nd3+ 0-1

[Event "San Jose subzonal 2.3c"]
[Site "San Jose"]
[Date "2018.03.25"]
[Round "1"]
[White "Lossi C, Cyrano Jose"]
[Black "Arias Santana, Mauricio"]
[Result "0-1"]
[WhiteElo "1825"]
[BlackElo "2303"]
[PlyCount "94"]
[EventDate "2018.03.25"]
[EventType "swiss"]
[EventRounds "9"]
[EventCountry "CRI"]
[SourceTitle "EXT 2019"]
[Source "ChessBase"]
[SourceDate "2018.10.10"]
[SourceVersion "1"]
[SourceVersionDate "2018.10.10"]
[SourceQuality "1"]

1. d4 Nf6 2. Nf3 c5 3. dxc5 e6 4. e3 Bxc5 5. c4 0-0 6. a3 Be7 7. Be2 b6 8. 0-0 Bb7 9. b3 d6 10. Bb2 Nbd7 11. Nc3 a6 12. Nd4 Qc7 13. Bf3 Ne5 14. Bxb7 Qxb7 15. Qe2 Rab8 16. Rac1 Ned7 17. Rfd1 Rfc8 18. Rc2 h6 19. Rdc1 Ne5 20. Qd1 Nfd7 21. Nce2 Ng6 22. Ng3 Rc7 23. f4 Nf6 24. Qf3 Qc8 25. e4 Qb7 26. Kh1 Rbc8 27. h3 e5 28. fxe5 Nxe5 29. Qe2 g6 30. Nf3 Nfd7 31. Nxe5 Nxe5 32. Bxe5 dxe5 33. a4 Rd7 34. Rd1 Rxd1+ 35. Qxd1 Bh4 36. Qg4 Bxg3 37. Qxg3 Qxe4 38. Rc3 Re8 39. Rd3 Re6 40. Kh2 Kg7 41. Rd8 h5 42. Qf2 Rf6 43. Qd2 h4 44. Qb4 Rf2 45. Qf8+ Kf6 46. Rd6+ Kg5 47. Qe7+ f6 0-1

[Event "Pan American-ch U18"]
[Site "San Jose"]
[Date "2017.07.01"]
[Round "1"]
[White "Tello Chavez, Isaac Valentino"]
[Black "Lossi C, Cyrano Jose"]
[Result "1-0"]
[WhiteElo "2328"]
[BlackElo "1824"]
[PlyCount "45"]
[EventDate "2017.07.01"]
[EventType "swiss"]
[EventRounds "9"]
[EventCountry "CRI"]
[SourceTitle "EXT 2022"]
[Source "ChessBase"]
[SourceDate "2021.10.06"]
[SourceVersion "1"]
[SourceVersionDate "2021.10.06"]
[SourceQuality "1"]

1. d4 Nf6 2. Bg5 Ne4 3. Bf4 d5 4. e3 Bf5 5. Bd3 e6 6. Ne2 g5 7. Be5 f6 8. Bg3 Bg6 9. Nbc3 Bg7 10. Nxe4 Bxe4 11. Bxe4 dxe4 12. h4 gxh4 13. Rxh4 f5 14. Nf4 Qe7 15. Qh5+ Kd8 16. d5 Qb4+ 17. Kf1 Qxb2 18. Rd1 Be5 19. dxe6+ Bd6 20. Qf7 Qb5+ 21. c4 Qe8 22. c5 Qb5+ 23. Ne2 1-0